000 00664nam a2200253Ia 4500
003 OSt
005 20221005040038.0
006 a|||||r|||| 00| 0
007 ta
008 221004b |||||||| |||| 00| 0 eng d
024 _a34631
037 _cTextual
040 _aCRL
_cCRL
_beng
041 _2eng
_aeng
082 _aTN1, H8
100 _aMontessori Maria
245 0 _aChild training.
260 _aDelhi
_bMinistry of Information and Broadcasting Govt. of India
_c1948
300 _a36p
_ccm.
650 _a EDUCATION
650 _aBASIC EDUCATION
_9588865
942 _hTN1, H8
_cTEXL
_2cc
999 _c946283
_d946283